Kto kogo nie lubi? - Statystyki

Ogólne statystyki
  • Ten quiz został rozwiązany 947 razy
  • Średni wynik to 8 z 13
Statystyki odpowiedzi
Państwo 1 Państwo 2 % Poprawnych
Korea północna Korea Południowa
95%
Japonia Korea Południowa
95%
Rosja Ukraina
78%
Serbia Kosowo
65%
Indie Pakistan
65%
Armenia Azerbejdżan
63%
Chiny Japonia
63%
Sudan Sudan Południowy
63%
Izrael Palestyna
59%
USA Iran
54%
Somaliland Somalia
45%
USA Korea Północna
40%
Iran Arabia Saudyjska
38%
Nie znaleziono quizów pasujących do podanych kryteriów
Rozkład punktacji
Procent ludzi z każdym wynikiem
Percentyl według liczby udzielonych odpowiedzi
Twoja historia wyników
Nie rozwiązałeś tego quizu